[Event "XVII Profigaia Open 2017"]
[Site "Gaia"]
[Date "2017.06.17"]
[Round "6"]
[White "Amorim, Vicente Nuno Marque"]
[Black "Pinto, Pedro Jorge de Mora"]
[Result "1-0"]
[WhiteElo "1084"]
[BlackElo "2038"]
[Annotator "NA RC"]
[PlyCount "105"]
[EventDate "2017.??.??"]
[EventType "swiss"]
[EventCountry "POR"]
[SourceTitle "playchess.com"]
[Source "ChessBase"]
[SourceQuality "1"]
[TimeControl "5400+30"]

{[%evp 14,96,-12,0,20,0,32767,32767,32767,32767,32767,32767,32767,41,109,100,32767,32767,0,-18,-14,-14,170,-19,51,0,38,6,43,32767,32767,32767,32767,32767,32767,-50,0,-135,-132,-171,-145,-219,-183,-202,-180,-172,-129,32767,-135,-125,-100,-94,-122,-179,-97,-122,-73,-185,-16,-82,-70,-77,-99,-45,0,-66,-78,-45,-68,-542,550,1256,1158,1287,1191,5314,1349,156,836,2135,5397,1612,29995,12842,29989]} 1. e4 g6 {[%emt 0:00:07]} 2. Nc3 {[%emt 0:00:15]} Bg7 3. Nf3 {[%emt 0:00:28]} d6 {[%emt 0:00:24]} 4. h3 {[%emt 0:00:18] B06: Modern Defence} c5 {[%emt 0:00:15]} 5. Be2 {[%emt 0:01:01]} Nc6 {[%emt 0:00:10]} 6. d3 {[%emt 0:01:04]} Nf6 {[%emt 0:00:07]} 7. O-O {[%emt 0:00:28]} O-O {[%emt 0:00:42]} 8. Be3 {[%emt 0:00:55]} Bd7 {[%emt 0:00:10]} 9. d4 {[%emt 0:00:50]} cxd4 {[%emt 0:00:55]} 10. Nxd4 {[%emt 0:00:13]} Qb6 $146 {[%emt 0:00:59]} ({Predecessor:} 10... a6 11. Qd2 Rc8 12. Rfd1 b5 13. a3 Re8 14. f3 Qc7 15. a4 b4 16. Nd5 Nxd5 17. exd5 Nxd4 18. Bxd4 Bxd4+ 19. Qxd4 {0-1 (50) Byambaa,Z (2285)-Guseinov,G (2631) Khanty-Mansiysk 2013}) 11. Ne6 {[%emt 0:02:59]} Qxb2 {[%emt 0:00:15]} 12. Nxf8 {[%emt 0:01:29]} Rxf8 {[%emt 0:00:21]} 13. Qd2 {[%emt 0:07:42]} Ne8 {[%emt 0:01:47]} ({Better is} 13... Ng4 $14 14. Bxg4 Bxc3) 14. Nd5 {[%emt 0:09:11]} e6 {[%emt 0:01:25]} 15. Rfb1 {[%emt 0:01:38]} Qe5 {[%emt 0:08:08]} 16. Nb4 {[%emt 0:13:04]} Qxe4 {[%emt 0:05:25]} 17. c3 {[%emt 0:00:31]} Nc7 $2 {[%emt 0:03:15]} (17... b6 $11 {and Black stays safe.}) 18. Nxc6 $2 {[%emt 0:02:17]} (18. Qxd6 $18 Nxb4 19. Qxd7 (19. Rxb4 Qc6 $14) 19... Bxc3 20. Qxc7) 18... Qxc6 {[%emt 0:02:07]} (18... Bxc6 $11 19. f3 Qd5) 19. Rc1 {[%emt 0:01:25]} Nd5 {[%emt 0:00:18]} 20. Bd4 {[%emt 0:00:51]} Rc8 {[%emt 0:01:54]} 21. Bxg7 {[%emt 0:03:34]} Kxg7 {[%emt 0:00:09]} 22. c4 {[%emt 0:00:27]} Nb6 {[%emt 0:00:12]} 23. Qd4+ {[%emt 0:00:27]} e5 {[%emt 0:00:27]} 24. Qd3 {[%emt 0:01:56]} Be6 {[%emt 0:00:18]} (24... Na4 $15) 25. c5 {[%emt 0:06:53]} (25. Qa3 $11 {keeps the balance.}) 25... dxc5 {[%emt 0:00:39]} 26. Qg3 {[%emt 0:00:38]} (26. Qc3 $17 {might work better.}) 26... f6 {[%emt 0:01:22]} 27. a3 {[%emt 0:00:32]} (27. Qa3 $17) 27... Nd5 {[%emt 0:00:44]} 28. Bf3 {[%emt 0:01:20]} Rd8 {[%emt 0:00:41]} 29. Rd1 {[%emt 0:01:20]} Qc7 {[%emt 0:00:57]} 30. Rd2 {[%emt 0:03:19]} Rd7 {[%emt 0:04:57]} (30... Nf4 $19 {is more deadly.} 31. Rxd8 Qxd8) 31. Bxd5 {[%emt 0:01:11]} Rxd5 {[%emt 0:00:15]} 32. Rxd5 {[%emt 0:01:02]} Bxd5 {[%emt 0:00:07]} 33. Qd3 {[%emt 0:00:34]} (33. Rd1 $17 Be6 34. a4) 33... Be6 {[%emt 0:02:07]} 34. Qe3 {[%emt 0:00:43]} b5 {[%emt 0:02:07]} (34... Qc6 $142 35. Re1 Bd5) 35. Qe2 {[%emt 0:02:10] [#]} (35. f4 $1 $15) 35... Qa5 $2 {[%emt 0:00:44]} (35... c4 $1 $19 36. Qe3 a6) 36. Qf3 {[%emt 0:02:38]} (36. f4 $11 {remains equal.}) 36... Qb6 {[%emt 0:00:21]} 37. a4 {[%emt 0:00:38]} b4 {[%emt 0:00:55]} 38. a5 {[%emt 0:01:10]} Qd6 {[%emt 0:01:16]} 39. Rd1 {[%emt 0:00:42]} (39. Qb7+ $11 Qd7 40. Qxd7+ Bxd7 41. Rc1) 39... Qc7 {[%emt 0:00:18]} 40. a6 {[%emt 0:00:27]} Bc8 {[%emt 0:00:18]} 41. Qd3 $2 {[%emt 0:00:58]} ({White should try} 41. Qe3 $15) 41... Bxa6 $4 {[%emt 0:01:22]} (41... c4 $19 {avoids the disaster.} 42. Qc2 Qc5) 42. Qxa6 {[%emt 0:00:22]} c4 {[%emt 0:00:14]} 43. Qe6 {[%emt 0:00:59]} Kh6 {[%emt 0:00:42]} 44. Qxf6 {[%emt 0:00:18]} c3 {[%emt 0:00:29]} 45. Qh4+ $2 {[%emt 0:00:30]} (45. Qf8+ $18 Qg7 46. Qxb4) 45... Kg7 {[%emt 0:00:17]} 46. Qxb4 {[%emt 0:00:09]} a5 {[%emt 0:01:45]} 47. Qa3 {[%emt 0:00:23]} Qb6 {[%emt 0:01:18]} 48. Qxc3 {[%emt 0:00:21]} (48. Qe7+ $142 Kg8 49. Rd7 Qb1+ 50. Kh2 Qg1+ 51. Kxg1 Kh8 52. Qxh7#) 48... Qb5 {[%emt 0:00:52]} 49. Ra1 {[%emt 0:00:28]} a4 {[%emt 0:00:23]} 50. Qa3 {[%emt 0:00:13]} e4 {[%emt 0:00:16]} 51. Qxa4 {[%emt 0:00:14]} Qe2 {[%emt 0:00:07]} 52. Qa7+ {[%emt 0:00:15]} Kh6 {[%emt 0:00:11]} 53. Qe3+ {[%emt 0:00:24]} 1-0

[Event "XVII Profigaia Open 2017"]
[Site "Gaia"]
[Date "2017.06.17"]
[Round "6"]
[White "Paiva, Rodrigo Garcia"]
[Black "Clemente, António Manuel"]
[Result "1/2-1/2"]
[WhiteElo "1075"]
[BlackElo "1393"]
[Annotator "NA RC"]
[PlyCount "98"]
[EventDate "2017.??.??"]
[EventType "swiss"]
[EventCountry "POR"]
[SourceTitle "playchess.com"]
[Source "ChessBase"]
[SourceQuality "1"]
[TimeControl "5400+30"]

1. e4 {[%emt 0:00:12]} e5 {[%emt 0:00:11]} 2. Nf3 {[%emt 0:00:41]} Nc6 {[%emt 0:00:26]} 3. d4 {[%emt 0:00:18]} exd4 {[%emt 0:00:33]} 4. Bc4 {[%emt 0:00:28]} Qe7 {[%emt 0:02:42]} 5. Qe2 {[%emt 0:01:02]} h6 {[%emt 0:01:07]} 6. b3 {[%emt 0:00:25]} g6 {[%emt 0:00:42]} 7. Bb2 {[%emt 0:00:29]} Bg7 {[%emt 0:00:14]} 8. e5 {[%emt 0:00:11]} Bxe5 {[%emt 0:01:17]} 9. Nxe5 {[%emt 0:00:08]} Qxe5 10. Qxe5+ Nxe5 {[%emt 0:02:16]} 11. Bxd4 {[%emt 0:00:44]} f6 {[%emt 0:01:18]} 12. Nd2 {[%emt 0:00:17]} Kf8 13. O-O {[%emt 0:01:19]} d6 {[%emt 0:06:03]} 14. Rfe1 {[%emt 0:00:35]} Bd7 {[%emt 0:00:29]} 15. Re2 {[%emt 0:01:16]} b6 {[%emt 0:01:32]} 16. Rae1 {[%emt 0:00:33]} Nxc4 {[%emt 0:01:51]} 17. Nxc4 {[%emt 0:00:12]} Rh7 {[%emt 0:01:03]} 18. h3 {[%emt 0:01:41]} Re8 {[%emt 0:00:10]} 19. Rxe8+ {[%emt 0:00:35]} Bxe8 {[%emt 0:00:02]} 20. Nd2 {[%emt 0:00:44]} f5 {[%emt 0:00:16]} 21. c4 {[%emt 0:00:11]} Re7 {[%emt 0:01:06]} 22. Rxe7 {[%emt 0:01:25]} Nxe7 {[%emt 0:00:52]} 23. f4 {[%emt 0:00:26]} h5 {[%emt 0:01:52]} 24. Kf2 {[%emt 0:00:00]} Kf7 {[%emt 0:00:09]} 25. Kf3 {[%emt 0:00:14]} Bc6+ {[%emt 0:00:56]} 26. Kf2 {[%emt 0:00:31]} Bb7 {[%emt 0:03:02]} 27. Nf3 {[%emt 0:01:00]} Bxf3 {[%emt 0:00:29]} 28. Kxf3 {[%emt 0:00:19]} Nc6 {[%emt 0:00:06]} 29. Bc3 {[%emt 0:00:19]} a5 {[%emt 0:00:41]} 30. g4 {[%emt 0:02:39]} hxg4+ {[%emt 0:01:40]} 31. hxg4 {[%emt 0:00:16]} Ke6 {[%emt 0:04:15]} 32. a4 {[%emt 0:01:08]} d5 {[%emt 0:00:51]} 33. gxf5+ {[%emt 0:01:09]} gxf5 {[%emt 0:00:34]} 34. Ke3 {[%emt 0:01:14]} dxc4 {[%emt 0:01:15]} 35. bxc4 {[%emt 0:02:59]} Kd6 {[%emt 0:00:50]} 36. Kd3 {[%emt 0:00:29]} Kc5 {[%emt 0:00:25]} 37. Bd2 {[%emt 0:00:40]} Ne7 {[%emt 0:07:50]} 38. Kc3 {[%emt 0:00:24]} Ng6 {[%emt 0:00:39]} 39. Be3+ {[%emt 0:00:58]} Kc6 {[%emt 0:00:04]} 40. Kb3 {[%emt 0:00:54]} Nf8 {[%emt 0:02:36]} 41. Kc3 {[%emt 0:00:29]} Ne6 {[%emt 0:00:21]} 42. Kb3 {[%emt 0:00:19]} Nc5+ {[%emt 0:01:01]} 43. Ka3 {[%emt 0:01:49]} Kd6 {[%emt 0:04:26]} 44. Bf2 {[%emt 0:02:07]} Ke6 {[%emt 0:00:34]} 45. Bxc5 {[%emt 0:02:38]} bxc5 46. Kb3 Kf6 47. Kc3 Kg6 48. Kd3 Kh5 49. Ke3 Kg4 {Ke4} 1/2-1/2

[Event "XVII Profigaia Open 2017"]
[Site "Gaia"]
[Date "2017.06.18"]
[Round "7"]
[White "Silva, Luis Neves Da"]
[Black "Padeiro, Jose"]
[Result "1-0"]
[WhiteElo "2317"]
[BlackElo "2271"]
[Annotator "TA"]
[PlyCount "163"]
[EventDate "2017.??.??"]
[EventType "swiss"]
[EventCountry "POR"]
[SourceTitle "playchess.com"]
[Source "ChessBase"]
[SourceQuality "1"]

{[%evp 25,163,40,51,9,42,25,33,25,25,29,44,43,43,41,45,44,47,44,69,73,79,79,79,79,79,79,73,65,62,61,81,59,88,84,97,97,97,81,97,81,80,80,79,78,76,70,75,75,71,41,48,45,54,54,54,54,77,77,78,78,81,81,88,81,97,95,97,52,54,7,0,0,80,54,61,61,62,62,70,68,70,14,18,14,26,26,39,0,0,0,0,0,14,14,14,14,22,19,22,15,36,37,41,43,37,37,52,41,43,51,58,34,34,34,68,35,138,138,206,201,216,209,202,202,204,202,216,202,200,138,375,361,361,361,354,320,29975,29975,29975,29975]} 1. d4 Nf6 2. c4 e6 3. Nc3 Bb4 4. e3 O-O 5. Bd3 d5 6. cxd5 exd5 7. Nge2 c5 8. O-O Nc6 9. a3 cxd4 10. axb4 dxc3 11. b5 Ne5 12. Nxc3 Nxd3 13. Qxd3 Be6 {LiveBook: 8 Games} 14. Ra4 {E48: Nimzo-Indian: Rubinstein: 5 Bd3 d5 including 6 Ne2, but excluding 6 a3} (14. Ne2 Qc7 15. b3 Rfc8 16. h3 Qe5 17. Qd4 Qxd4 18. Nxd4 Bd7 19. Bb2 Ne8 20. Rfc1 Rxc1+ 21. Rxc1 Rc8 {½-½ (36) Fier,A (2628)-Gharamian,T (2649) Biel 2015}) 14... Re8 $146 (14... Ne4 $5) ({Predecessor:} 14... Qb6 15. Rh4 Rac8 16. b3 h6 17. Bb2 Ne4 18. Nxd5 Bxd5 19. Qxd5 Nc3 20. Bxc3 Rxc3 21. b4 Rd8 {1-0 (42) Rezan,S (2435)-Hecht,H (2379) Zadar 2011}) 15. Bd2 Ne4 {And now ...Nc5 would win.} 16. Qd4 {White is slightly better.} Qb6 17. Nxe4 Qxd4 18. Rxd4 dxe4 19. Rxe4 Bd7 20. Rb4 Re5 21. b6 axb6 22. Rxb6 Rb5 23. Rd6 Bc6 24. Bc3 Rd5 25. Rxd5 Bxd5 $16 {[%mdl 4096] Endgame KRB-KRB} 26. Rd1 Bb3 27. Rc1 Rc8 28. h4 (28. Ra1 {is more complex.} Rd8 29. Bd4 f6 30. Ra7 Rd7 31. h4) 28... h5 29. Ra1 b5 30. Ra5 Bc4 31. Kh2 f6 32. Bd4 Kf7 33. Ra7+ Kg6 34. Kg3 Bd3 35. Bc3 Rc4 {[#]} 36. f3 $1 b4 37. Bd4 Rc2 38. Ra1 b3 39. Rg1 Bc4 40. Kf4 Bd5 41. e4 Bc4 42. e5 fxe5+ 43. Bxe5 Be6 44. Bd4 Re2 45. Bc3 Bc8 46. g3 Re7 47. Rd1 {next Rd6+ is good for White.} Rf7+ 48. Ke3 Bb7 (48... Rxf3+ $1 $11 49. Kxf3 Bg4+ 50. Kf4 Bxd1) 49. f4 Re7+ 50. Be5 Bc8 51. Rd6+ Kf5 52. Rc6 Be6 53. Kd4 (53. Rc5 $14 Kg4 54. Bd6) 53... Ra7 54. Kc3 Ra1 {...Rc1+ is the strong threat.} 55. Kb4 g6 56. Bc3 Rd1 57. Ra6 Rd3 58. Ra5+ Rd5 59. Ra1 Kg4 60. Re1 Bf5 (60... Bf7 {seems wilder.} 61. Re7 Rf5 62. Re3 Rd5 63. Be1 Rd4+) 61. Kxb3 Kxg3 62. Bf6 Kxf4 63. Bg5+ Kg4 64. Kc4 Rd7 65. b4 Rc7+ 66. Kd5 Bd3 67. Re3 Bb5 68. Be7 Rc2 69. Re5 Bd3 70. Kd4 Bf5 (70... Re2 $14) 71. b5 Rd2+ (71... Bd7 $16) 72. Kc5 $18 Rc2+ 73. Kd6 Rb2 74. Bf6 {aiming for Rxf5!} Rb1 75. Kc6 Kf3 76. Bg5 Rb3 77. b6 Bc8 $2 (77... Be4+ $16 {might work better.} 78. Kc5 Rc3+ 79. Kb4 Rc6) 78. Kc7 Rc3+ 79. Kb8 Ba6 80. Ka7 Ra3 $2 {[#]} (80... Bc8 $18 81. b7 Bxb7) 81. Re3+ $1 {[%mdl 512]} Rxe3 82. Bxe3 {Precision: White = 68%, Black = 51%.} 1-0

[Event "XVII Profigaia Open 2017"]
[Site "Gaia"]
[Date "2017.06.18"]
[Round "7"]
[White "Frois, Antonio"]
[Black "Silva, Pedro Gil Ferreira "]
[Result "1-0"]
[WhiteElo "2278"]
[BlackElo "1592"]
[Annotator "TA"]
[PlyCount "71"]
[EventDate "2017.??.??"]
[EventType "swiss"]
[EventCountry "POR"]
[SourceTitle "playchess.com"]
[Source "ChessBase"]
[SourceQuality "1"]

{[%evp 16,71,0,0,14,6,34,34,40,29,36,39,69,46,58,59,103,45,44,-55,65,62,72,72,64,65,70,69,105,116,115,54,126,57,66,68,77,70,200,198,181,46,146,147,1172,1161,1180,1176,1170,1147,2329,2148,2006,1964,1695,1233,1291,1295]} 1. Nf3 Nf6 2. g3 e6 3. Bg2 d5 4. O-O Be7 5. d3 O-O 6. Nbd2 c5 7. e4 Nc6 8. Re1 Qc7 9. c3 {LiveBook: 61 Games} Bd6 {C00: French: Unusual White 2nd moves} (9... b6 10. exd5 exd5 11. Nf1 h6 12. Bf4 Qd8 13. Ne5 Nxe5 14. Bxe5 Be6 15. Ne3 Qd7 16. d4 Rad8 17. Qe2 Ng4 18. Bxg7 {1-0 (31) Zvjaginsev,V (2679)-Shachar,E (2374) Caleta 2017}) 10. Qe2 {Threatens to win with e5.} dxe4 11. dxe4 {And now e5 would win.} e5 {White is slightly better.} 12. Nc4 {[%cal Bd2c4,Bc4e3,Be3d5][%mdl 32]} Be7 13. Nh4 $146 ({Predecessor:} 13. h3 b5 14. Ne3 Be6 15. Nh4 Rfd8 16. Nef5 Bc4 17. Nxe7+ Nxe7 {0-1 (64) Roome,E-Ward,T Eastpointe 1994}) 13... Re8 14. Ne3 Be6 15. Nd5 Qa5 16. Bd2 (16. Nf5 $16) 16... Rad8 $14 17. Red1 (17. Nf5 $14) 17... Bxd5 (17... Nxd5 $15 18. exd5 Bxd5) 18. exd5 Nxd5 19. Nf5 {Strongly threatening c4.} Nf6 20. Bxc6 bxc6 21. Qxe5 Bd6 {[#]} 22. Nh6+ $1 {[%mdl 512]} Kf8 (22... gxh6 23. Qxf6) 23. Qf5 (23. Qg5 $16 Be5 24. Re1 (24. Nf5 Ne4 $15)) 23... Qc7 {[#]} (23... Re6 $14) 24. Qf3 (24. Bg5 $1 $16 {[%cal Rg5f6]} Qe7 25. Ng4) 24... Re6 25. Nf5 Ne4 26. Be3 Rde8 ({Better is} 26... g6 $14) 27. Qg4 $18 {[%csl Gf5][%cal Rg4g7]} Rg6 28. Qh5 (28. Qh4 $18 Kg8 29. f3 Nxg3 30. hxg3 Bxg3 31. Nxg3 Rxg3+ 32. Kf2) 28... Nf6 ({Black should try} 28... Kg8 $1 $14) 29. Qh3 $40 {[%mdl 128] White attacks with force.} Ne4 $2 {[%mdl 8192]} (29... Be5 $16 30. Qf1 (30. Bxc5+ Kg8 $16) 30... Nd5) 30. Qxh7 $18 {[%cal Rh7h8] White is clearly winning.} Nf6 31. Qh8+ Ng8 32. Rxd6 Rxe3 33. Rxg6 fxg6 34. Nxe3 Kf7 35. Qh4 Nf6 36. Qc4+ {Precision: White = 40%, Black = 22%.} 1-0

[Event "XVII Profigaia Open 2017"]
[Site "Gaia"]
[Date "2017.06.18"]
[Round "7"]
[White "Santos, Ricardo"]
[Black "Quinta, Daniel"]
[Result "1/2-1/2"]
[WhiteElo "2088"]
[BlackElo "2064"]
[Annotator "NA"]
[PlyCount "48"]
[EventDate "2017.??.??"]
[EventType "swiss"]
[EventCountry "POR"]
[SourceTitle "playchess.com"]
[Source "ChessBase"]
[SourceQuality "1"]
[TimeControl "5400+30"]

{[%evp 12,48,-25,0,-5,-58,-60,-41,32767,32767,32767,32767,32767,32767,32767,32767,32767,32767,493,516,710,608,640,32767,774,855,32767,839,32767,796,32767,0,0,0,267,0,32767,32767,0]} 1. e4 {[%emt 0:00:00]} d5 {[%emt 0:01:25]} 2. exd5 {[%emt 0:00:00]} Nf6 {[%emt 0:00:04]} 3. Bb5+ {[%emt 0:00:17]} Bd7 {[%emt 0:00:06]} 4. Bxd7+ {[%emt 0:00:22]} Qxd7 {[%emt 0:00:38]} 5. c4 {[%emt 0:00:35]} c6 {[%emt 0:00:38]} 6. dxc6 {[%emt 0:04:32]} Nxc6 {[%emt 0:07:13]} 7. Nf3 {[%emt 0:00:10]} e5 {[%emt 0:09:05] B01: Scandinavian Defence} 8. d3 {[%emt 0:00:19]} (8. O-O e4 9. Ng5 Bc5 10. Nc3 Qf5 11. Ncxe4 O-O 12. Nxc5 Qxc5 13. d3 Rad8 14. Be3 Qf5 15. Qb3 Rxd3 16. Qxb7 Ne5 17. Rfd1 Rxe3 18. fxe3 Qxg5 19. Re1 Nxc4 20. Rac1 Nxe3 21. Rc8 g6 {½-½ (21) Pandurevic,M (2240)-Vujec,I (2106) Zagreb 2012}) 8... O-O-O {[%emt 0:04:07]} 9. Nc3 $146 {[%emt 0:01:07]} ({Predecessor:} 9. O-O e4 10. Ne1 Bc5 11. Bg5 exd3 12. Nd2 Rhe8 13. a3 Qf5 14. Bh4 g5 15. Bg3 {0-1 (22) Bretscher,R (1672)-Strasser,J (1959) Bad Woerishofen 2009}) 9... Qf5 {[%emt 0:31:42]} 10. O-O {[%emt 0:04:36]} Rxd3 {[%emt 0:00:26]} 11. Qa4 {[%emt 0:04:33]} Bc5 {[%emt 0:01:25]} 12. Be3 {[%emt 0:02:06]} e4 {[%emt 0:02:20]} 13. Nd2 {[%emt 0:06:42]} Ng4 {[%emt 0:11:29]} 14. Bxc5 {[%emt 0:10:32]} Qh5 $2 {[%emt 0:01:05]} (14... Qxc5 $15 15. Ndxe4 Qe5) 15. h3 {[%emt 0:00:06]} Rxh3 {[%emt 0:03:13]} 16. gxh3 {[%emt 0:00:08]} Qxh3 {[%emt 0:00:13]} 17. Bd6 {[%emt 0:00:05]} Nce5 {[%emt 0:00:37]} 18. Bxe5 $1 {[%emt 0:00:22]} Nxe5 {[%emt 0:00:08]} 19. Ncxe4 {[%emt 0:03:21]} Ng4 {[%emt 0:01:08]} 20. Nf3 {[%emt 0:07:07]} Qxf3 {[%emt 0:00:29]} 21. Ng3 $2 {[%emt 0:03:46]} (21. Qxa7 $18 Qxe4 22. Rfe1) 21... Ne3 $1 {[%emt 0:02:26]} 22. fxe3 {[%emt 0:00:59]} Qxg3+ $18 {[%emt 0:00:06]} 23. Kh1 {[%emt 0:00:06]} Qh3+ {[%emt 0:01:00]} 24. Kg1 {[%emt 0:00:08]} Qg3+ {[%emt 0:00:36]} 1/2-1/2

[Event "XVII Profigaia Open 2017"]
[Site "Gaia"]
[Date "2017.06.18"]
[Round "7"]
[White "Margarido, Jose Miguel Teixeir"]
[Black "Fernandes, Claudio Micael Sous"]
[Result "1-0"]
[WhiteElo "2038"]
[BlackElo "1661"]
[Annotator "NA RC"]
[PlyCount "91"]
[EventDate "2017.??.??"]
[EventType "swiss"]
[EventCountry "POR"]
[SourceTitle "playchess.com"]
[Source "ChessBase"]
[SourceQuality "1"]
[TimeControl "5400+30"]

{[%evp 13,91,28,33,33,32767,32767,32767,-19,13,4,27,14,28,26,32767,32767,32767,32767,32767,32767,32767,32767,32767,32767,32767,32767,32767,0,11,32767,32767,0,0,0,12,0,0,0,42,-125,43,0,-37,-94,-70,-67,163,-20,90,32767,-64,-87,-64,-63,0,-52,52,32767,32767,32767,60,33,93,124,233,304,32767,32767,32767,32767,32767,2144,1740,2950,1904,925,799,779,2601,29990]} 1. d4 {[%emt 0:00:00]} d5 {[%emt 0:03:25]} 2. Nf3 {[%emt 0:00:00]} Nf6 {[%emt 0:00:09]} 3. c4 {[%emt 0:00:10]} c6 {[%emt 0:00:01]} 4. e3 {[%emt 0:02:43]} Bg4 {[%emt 0:03:36]} 5. Nc3 {[%emt 0:00:07]} e6 {[%emt 0:00:01]} 6. h3 {[%emt 0:00:01]} Bh5 {[%emt 0:00:08]} 7. g4 {[%emt 0:06:14]} Bg6 {[%emt 0:00:03]} 8. Ne5 {[%emt 0:00:04] D11: Slav Defence: 3 Nf3 sidelines and 3...Nf6 4 e3 Bg4} Nbd7 {[%emt 0:03:23]} 9. Nxg6 {[%emt 0:01:22]} hxg6 {[%emt 0:00:02]} 10. Bg2 {[%emt 0:05:16]} (10. a3 g5 11. Bd2 g6 12. Qf3 a6 13. Bd3 dxc4 14. Bxc4 b5 15. Bf1 c5 {1-0 (50) Andreikin,D (2736)-Aronian,L (2780) Wijk aan Zee 2017}) 10... Be7 {[%emt 0:08:12]} 11. Qe2 $146 {[%emt 0:00:30]} ({Predecessor:} 11. c5 b6 12. Qa4 bxc5 13. Qxc6 O-O 14. O-O Nb6 15. Qb5 c4 {1-0 (43) Jozefek,M (2205)-Fenik,J (1750) Stara Lubovna 2014}) 11... Qc7 {[%emt 0:08:41]} 12. Bd2 {[%emt 0:07:41]} dxc4 {[%emt 0:00:51]} 13. Qxc4 {[%emt 0:00:32]} Nb6 {[%emt 0:10:21]} 14. Qe2 {[%emt 0:01:48]} e5 {[%emt 0:02:58]} 15. Rc1 {[%emt 0:05:39]} exd4 {[%emt 0:00:02]} 16. Nb5 {[%emt 0:00:22]} Qd7 {[%emt 0:00:02]} 17. Nxd4 {[%emt 0:00:43]} O-O {[%emt 0:10:08]} 18. O-O {[%emt 0:00:41]} Rfe8 {[%emt 0:04:04]} 19. Rfd1 {[%emt 0:06:10]} Bd6 {[%emt 0:00:03]} 20. Be1 {[%emt 0:15:32]} Qe7 {[%emt 0:00:22]} 21. Qc2 {[%emt 0:01:38]} Rad8 {[%emt 0:04:24]} 22. a4 {[%emt 0:08:46]} Nbd5 {[%emt 0:02:56]} 23. Qb3 {[%emt 0:03:06]} Ne4 {[%emt 0:09:27]} 24. Nf3 {[%emt 0:06:48]} (24. Rxc6 $5 bxc6 25. Nxc6 $14) 24... Bc5 {[%emt 0:10:03]} 25. a5 {[%emt 0:08:23]} f5 {[%emt 0:03:03]} 26. g5 $2 {[%emt 0:06:46]} (26. Nd2 $14 {keeps the upper hand.}) 26... Bd6 $2 {[%emt 0:01:14]} (26... f4 $17 27. exf4 Kh7) 27. h4 {[%emt 0:00:15]} Kh7 {[%emt 0:00:59]} 28. Nd2 Nc5 {[%emt 0:01:52]} 29. Qc4 ({White should try} 29. Qa3 $11) 29... Ne4 $2 (29... f4 $17 {and life is bright.} 30. e4 {[#]} f3 $1 {[%mdl 512]} 31. Bxf3 Nf4) 30. Nf1 {[%emt 0:05:31]} (30. Nxe4 $16 fxe4 31. Rd4) 30... f4 {[%emt 0:01:31]} (30... a6 $11 {keeps the balance.}) 31. f3 {[%emt 0:01:31] [#]} Ng3 {[%emt 0:01:19]} (31... Nf2 $1 $19 {[%cal Rf2d1][%mdl 512]} 32. Bxf2 fxe3) 32. Bxg3 {[%emt 0:01:50]} fxg3 {[%emt 0:00:50]} 33. Rd3 $1 {[%emt 0:00:38]} Nb4 {[%emt 0:01:01]} (33... b5 $17 34. axb6 axb6) 34. Rb3 {[%emt 0:00:47]} c5 {[%emt 0:01:51]} (34... b5 $15 35. axb6 axb6) 35. f4 {[%emt 0:01:39]} Qd7 {[%emt 0:01:03]} 36. h5 {[%emt 0:01:35]} gxh5 {[%emt 0:01:07]} 37. Nxg3 {[%emt 0:00:23]} h4 {[%emt 0:00:04]} 38. Ne4 {[%emt 0:02:08]} h3 {[%emt 0:00:01]} (38... Qg4 $16) 39. Bf3 {[%emt 0:00:28]} h2+ {[%emt 0:01:38]} 40. Kxh2 {[%emt 0:00:27]} Nd3 {[%emt 0:00:19]} 41. Rh1 {[%emt 0:00:41]} Nxf4 {[%emt 0:00:13]} 42. exf4 {[%emt 0:00:58]} Bxf4+ {[%emt 0:00:24]} 43. Kg2+ {[%emt 0:00:18]} Kg6 {[%emt 0:00:07]} 44. Qxc5 {[%emt 0:00:57]} (44. Bh5+ $142 Kf5 45. Nf2 Qd5+ 46. Qxd5+ Rxd5 47. Bxe8 b6 48. axb6 axb6 49. Rxb6) 44... Rh8 {[%emt 0:00:52]} 45. Qg1 {[%emt 0:00:49]} Qd3 {[%emt 0:00:32]} 46. Rxd3 {[%emt 0:00:22]} 1-0

[Event "XVII Profigaia Open 2017"]
[Site "Gaia"]
[Date "2017.06.18"]
[Round "7"]
[White "Andrade Sandoval, Jim Carlos"]
[Black "Petkov, Vladimir"]
[Result "0-1"]
[WhiteElo "1971"]
[BlackElo "2484"]
[Annotator "TA"]
[PlyCount "30"]
[EventDate "2017.??.??"]
[EventType "swiss"]
[EventCountry "POR"]
[SourceTitle "playchess.com"]
[Source "ChessBase"]
[SourceQuality "1"]

{[%evp 9,30,19,31,20,89,91,70,1,-15,-20,14,-59,27,15,48,58,64,24,54,-215,-249,-285,-281]} 1. d4 Nf6 2. c4 e6 3. Nc3 Bb4 4. Qc2 b6 5. e4 {[%cal Be2e4,Be4e5][%mdl 32]} c5 6. e5 {E32: Nimzo-Indian: Classical (4 Qc2): 4...0-0} Ng8 (6... cxd4 $11 7. a3 Bxc3+ 8. bxc3 Ng8) 7. a3 $16 Bxc3+ 8. bxc3 (8. Qxc3 $14 cxd4 9. Qg3 (9. Qxd4 Ne7 $11)) 8... Bb7 $11 9. Nf3 Ne7 (9... Bxf3 $5 10. gxf3 Nc6 $11) 10. Bd3 (10. Be2 $11) 10... Nbc6 $146 (10... Bxf3 $15 11. gxf3 Nbc6) ({Predecessor:} 10... h6 11. Be3 Qc7 12. Nd2 cxd4 13. cxd4 d6 14. exd6 Qxd6 {0-1 (54) Fridman,D (2649)-Riazantsev,A (2646) Berlin 2015}) 11. O-O cxd4 12. cxd4 Rc8 13. Qe2 Ng6 14. Bg5 $2 {[%mdl 8192] [#]} (14. Be3 $14 {stays ahead.}) 14... Nxd4 $1 $19 15. Nxd4 Qxg5 {Precision: White = 23%, Black = 33%.} 0-1